[Event "Mittelrhein Verbandsliga-O 15/16"]
[Site "Nordrheinwestfalen"]
[Date "2016.03.13"]
[Round "9"]
[White "Paulus, Jeffrey"]
[Black "Iljazi, Qani"]
[Result "1/2-1/2"]
[WhiteElo "1951"]
[BlackElo "1829"]
[PlyCount "61"]
[EventDate "2015.09.06"]
[EventType "team-tourn"]
[EventRounds "11"]
[EventCountry "GER"]
[SourceTitle "EXT 2022"]
[Source "ChessBase"]
[SourceDate "2021.10.06"]
[SourceVersion "1"]
[SourceVersionDate "2021.10.06"]
[SourceQuality "1"]
[WhiteTeam "Porz SG IV"]
[BlackTeam "Bonn Beuel II"]
[WhiteTeamCountry "GER"]
[BlackTeamCountry "GER"]

1. d4 d5 2. c4 dxc4 3. Nf3 Nf6 4. Nc3 e6 5. Bg5 Be7 6. e3 0-0 7. Bxc4 c5 8. 0-0 b6 9. dxc5 Qxd1 10. Rfxd1 Bxc5 11. Bxf6 gxf6 12. Ne4 Be7 13. Nd6 Ba6 14. Nb5 Bxb5 15. Bxb5 a6 16. Bd3 Ra7 17. Rac1 Rd8 18. Kf1 Rad7 19. Ke2 h6 20. Nd4 Bc5 21. Nb3 Bd6 22. a3 Be5 23. Rd2 f5 24. Rcc2 Kf8 25. f4 Bd6 26. Nd4 Rc7 27. Rxc7 Bxc7 28. Rc2 Bd6 29. Nc6 Rc8 30. Nxb8 Rxc2+ 31. Bxc2 1/2-1/2

[Event "Mittelrhein Verbandsliga-O 15/16"]
[Site "Nordrheinwestfalen"]
[Date "2015.11.15"]
[Round "4"]
[White "Budzyn, Marcus"]
[Black "Iljazi, Qani"]
[Result "1-0"]
[WhiteElo "1932"]
[BlackElo "1829"]
[PlyCount "131"]
[EventDate "2015.09.06"]
[EventType "team-tourn"]
[EventRounds "11"]
[EventCountry "GER"]
[SourceTitle "EXT 2022"]
[Source "ChessBase"]
[SourceDate "2021.10.06"]
[SourceVersion "1"]
[SourceVersionDate "2021.10.06"]
[SourceQuality "1"]
[WhiteTeam "Troisdorf"]
[BlackTeam "Bonn Beuel II"]
[WhiteTeamCountry "GER"]
[BlackTeamCountry "GER"]

1. Nf3 Nf6 2. c4 g6 3. g3 Bg7 4. Bg2 0-0 5. 0-0 c5 6. d4 cxd4 7. Nxd4 Nc6 8. Nc2 d6 9. Nc3 Be6 10. Ne3 Qc8 11. Re1 Bh3 12. Bh1 Rd8 13. Bd2 Qe6 14. Ned5 Rac8 15. Nf4 Qd7 16. Nxh3 Qxh3 17. Bg2 Qd7 18. Rc1 Ne5 19. b3 Qc7 20. h3 Nc6 21. Bg5 Qd7 22. Qd2 Qf5 23. e4 Qa5 24. Red1 Nd7 25. Nd5 Qxd2 26. Rxd2 Re8 27. h4 h6 28. Be3 Red8 29. f4 e6 30. Nc3 Nc5 31. Nb5 Nb4 32. Rcd1 d5 33. Nxa7 Bc3 34. Nxc8 Rxc8 35. Re2 dxc4 36. bxc4 Na4 37. Rd7 b6 38. a3 Nc6 39. Rc2 e5 40. Bh3 Bd4 41. Bxd4 exd4 42. Rd2 Nc5 43. R2xd4 Nxd4 44. Rxd4 Ra8 45. e5 Rxa3 46. Kh2 Kg7 47. Bg2 h5 48. Rd6 Rb3 49. Bd5 Rb2+ 50. Bg2 Kf8 51. Kh3 Ke7 52. Bc6 Rb3 53. Rd2 Nd3 54. Kh2 Ne1 55. Rd7+ Kf8 56. Bd5 Rb2+ 57. Kg1 Ke8 58. Rb7 Kd8 59. Rxf7 Nc2 60. e6 Nd4 61. Rg7 b5 62. c5 Rb1+ 63. Kg2 Rb2+ 64. Kh3 Ne2 65. e7+ Kd7 66. c6+ 1-0

[Event "Mittelrhein Verbandsliga-O 15/16"]
[Site "Nordrheinwestfalen"]
[Date "2015.09.27"]
[Round "2"]
[White "Simon, Martin"]
[Black "Iljazi, Qani"]
[Result "0-1"]
[WhiteElo "1927"]
[BlackElo "1829"]
[PlyCount "90"]
[EventDate "2015.09.06"]
[EventType "team-tourn"]
[EventRounds "11"]
[EventCountry "GER"]
[SourceTitle "EXT 2022"]
[Source "ChessBase"]
[SourceDate "2021.10.06"]
[SourceVersion "1"]
[SourceVersionDate "2021.10.06"]
[SourceQuality "1"]
[WhiteTeam "Koeln Lasker II"]
[BlackTeam "Bonn Beuel II"]
[WhiteTeamCountry "GER"]
[BlackTeamCountry "GER"]

1. c4 e6 2. Nf3 d5 3. b3 f5 4. g3 Nf6 5. Bg2 Bd6 6. 0-0 0-0 7. d3 c6 8. Bb2 Re8 9. e3 e5 10. Nc3 a6 11. Qc2 Kh8 12. Rfd1 Qe7 13. Rac1 Be6 14. Ne2 Nbd7 15. Qb1 Rac8 16. Qa1 Bg8 17. Bh3 Ng4 18. e4 fxe4 19. dxe4 Ndf6 20. cxd5 cxd5 21. exd5 Rxc1 22. Nxc1 e4 23. Bxg4 Nxg4 24. Nd4 Qf6 25. Nf5 Be5 26. Bxe5 Rxe5 27. f3 Rxd5 28. Ne2 Qb6+ 29. Nfd4 exf3 30. Nf4 Rd8 31. Qc3 Bf7 32. h3 Ne5 33. Kf2 g5 34. Re1 Qxd4+ 35. Qxd4 Rxd4 36. Rxe5 gxf4 37. Kxf3 fxg3 38. Kxg3 Rd7 39. Re3 Kg7 40. a3 Bd5 41. b4 Bc6 42. Rc3 Kg6 43. Kf4 Kf6 44. Re3 Rd4+ 45. Kg3 h5 0-1